MDQL
is popping MORE tags! Check the
thread
!
Quizzes
Events
Quiz Creation
Community
Videos
Private Events
Remove Ads
Sign In
Join for FREE
Feedback
Dark Mode
Quiz Categories
Sports
Geography
Music
Movies
Television
Just For Fun
Miscellaneous
History
Literature
Language
Science
Gaming
Entertainment
Religion
Holiday
For Kids
Quiz Lab
Recent
Popular Today
Quiz Kudos Today
Editor Picks
Curator Picks
Quizzes by...
Day
Popularity
Type
Ratings
Length
Year
Community
Subscriptions
Recent Discussions
Orange Saloon
Badges
Playlists
Quests
Create
Leaderboards
Showdown
Live 5
Trivia Bingo
Activity
Puzzle Library
Sporcle Events
Private Events
Virtual Trivia
Globe League
Become a Host
Pub Owners
SporcleCon
Opinionation
Our Games
Videos
Blog
Mobile Apps
Partnerships
Remove Ads and Go Orange
Feedback
Entertainment
Celebrity
Famous
Musical
Broadway
Show
Quote
Comic Books
Anime
Superhero
DC Comics
Marvel
Cartoons
Animation
Entertainment
Celebrity
Famous
Musical
Broadway
Show
Quote
Comic Books
Anime
Superhero
DC Comics
Marvel
Cartoons
Animation
Random Quiz
Search Sporcle
×
Quiz Lab
Quiz Lab
Entertainment
team
Type in answers that appear in a list
Type in answers that appear in a list
Classic
Best Score? Go Orange.
Ultimate Venture Brothers Characters Stats
Can you name the Ultimate Venture Brothers Characters?
By
bsmite7
15m
58 Questions
476 Plays
476 Plays
476 Plays
Comments
Comments
Give Quiz Kudos
Give Quiz Kudos
-
- Ratings
hide this ad
Replay
Link that replays current quiz
Next Quiz
Link to next quiz in quiz playlist
You Got
0%
They Got
Avg Score
61%
Avg Friend Score
Upgrade to see
Score Distribution
Jump to the score distribution portion of the page
Score
0/58
Timer
15:00
0
Plays Today
Team
Character Name
% Correct
Guild of Calamitous Intent Member
Monarch
98.9%
Guild of Calamitous Intent Member
Dr. Mrs. The Monarch
97.1%
Guild of Calamitous Intent Member
David Bowie
94.7%
Team Venture 1
Dr. Thaddeus S. 'Rusty' Venture
92.9%
Team Venture 1
Dean Venture
92.6%
Team Venture 1
Henry Allen Venture
92.2%
Team Venture 1
Sergeant Hatred
89.1%
Team Venture 2
Jonas Venture Jr.
88.9%
Team Venture 1
H.E.L.P.eR.
88.4%
S.P.H.I.N.X. Member
Brock Samson
88.4%
Conjectural Technologies
'Master' Billy Whalen
85.9%
Revenge Society Member
Phantom Limb
84.2%
Guild of Calamitous Intent Member
24
83.2%
Order of the Triad
Dr. Byron J. Orpheus
82.8%
Order of the Triad
The Alchemist
82.8%
Guild of Calamitous Intent Member
Tim Tom
79.8%
Order of the Triad
Jefferson Twilight
79.2%
Conjectural Technologies
Peter White
78.8%
Original Team Venture
Action Man
78.6%
S.P.H.I.N.X. Member
Shore Leave
75.2%
Guild of Calamitous Intent Member
Kevin
74.6%
S.P.H.I.N.X. Member
Colonel Hunter Gathers
74.2%
Team Venture 2
Captain
73.3%
Original Team Venture
Colonel Gentleman
71.8%
Team Venture 2
Sally Impossible
70.4%
Original Team Venture
Kano
68.9%
Team Venture 1
Dermott Fictel
68.1%
Original Team Venture
Major Tom
67.6%
Guild of Calamitous Intent Member
King Gorilla
65.5%
Team
Character Name
% Correct
Team Venture 2
Ned Impossible
64.1%
Action 5 Team Member
Captain Sunshine (Chuck Scarsdale)
60.9%
Original Team Venture
Jonas Venture Sr.
58.8%
Guild of Calamitous Intent Member
Watch
56.3%
Guild of Calamitous Intent Member
Ward
55.7%
Guild of Calamitous Intent Member
Monstroso
54.2%
Revenge Society Member
Baron Werner Ünterbheit
53.4%
Revenge Society Member
Dr. Richard Impossible
49.2%
Gentleman's Guild Member (The Original Guild)
Oscar Wilde
48.5%
Gentleman's Guild Member (The Original Guild)
Mark Twain
47.9%
Guild of Calamitous Intent Member
Truckules
47.7%
Office of Secret Intelligence
Agent Cardholder
43.9%
Original Team Venture
Ook Ook
43.5%
Office of Secret Intelligence
Agent Doe
42.6%
Office of Secret Intelligence
General Treister
41%
Revenge Society Member
Lady Nightshade
40.5%
Action 5 Team Member
Ghost Robot
39.7%
Revenge Society Member
Manservant
35.7%
Revenge Society Member
Wisdom
33.8%
Gentleman's Guild Member (The Original Guild)
Aleister Crowley
31.7%
Original Team Venture
Otto Aquarius
29.4%
Revenge Society Member
Chuck
28.6%
Gentleman's Guild Member (The Original Guild)
Eugene Sandow
27.7%
S.P.H.I.N.X. Member
Mile High
27.3%
Original Team Venture
Dr. Entmann
26.9%
Guild of Calamitous Intent Member
Intangible Fancy
26.1%
Gentleman's Guild Member (The Original Guild)
Fantomas
24.4%
Gentleman's Guild Member (The Original Guild)
Colonel Lloyd Venture
20.2%
Order of the Triad
Nien Nunb
18.3%
Quiz Playlist
Details
Report
Send in Message
Add To Playlist
Classic:
Type in answers that appear in a list
Last Updated: Feb 16, 2017
Quiz Scoreboard
CHALLENGE
Sign Up to Join the Scoreboard
Show All
Scores
Hide
Comments
May contain spoilers
Recently Published
Holiday 10x10 Sorting Gallery
by lukepisani3
Holiday
15m
Two Season TV Shows II
by 123Four
Television
10m
Image Sorting: Flags VI
by Barbecue
Geography
2m
More to Explore
Quiz From the Vault
Featured Blog Post
14 Easter Pick-up Lines to Find Eggs With
hide this ad
You Might Also Like...
Tags
Brother
Character
team
ultimate
Venture Bros
Today's Top Quizzes in Entertainment
Browse Entertainment
hide this ad
Today's Top Quizzes in team
Browse team
Top Contributed Quizzes in Entertainment
1
Marvel Classic Character Map
2
Movie-Themed Roller Coasters
3
Dragon Ball Z: Goku's Fights in Order
4
Marvel Characters Bunker
5
Sorting Pictures: Villains
6
Who stole Onew's chicken? (KPOP LOGIC QUIZ)
7
Haikyuu Logic Quiz
8
Celebrity Spelling Bee
9
JoJo's Bizarre Logic Quiz
10
Image Sorting: Anime
Explore More
Trending Topics
Harry Potter
Marvel
Disney
NBA
Crossword
Kpop
Anime
Pokémon
NFL
Country
The Office
WWE
Soccer
Puzzle
Song
hide this ad
More By:
bsmite7
Quiz
Plays
Rating
Category
Featured
Created
Ultimate Venture Brothers Characters
476
4.57
Entertainment
Oct 11, 2010
Go to Creator's Profile
Score Distribution
Quiz Creator Spotlight
bsmite7
Follow
Send a Message
Quizzes Created
-
Created Quiz Play Count
-
More By This Creator
Popular Quizzes Today
1
Find the US States - No Outlines Minefield
2
Colored Red Africa Blitz
3
Find the 'City' Movie
4
The Countries of the World
5
5x2 Blitz: Bands
6
Find the US States
7
Find the Countries of Europe - No Outlines Minefield
8
US States
More Entertainment Quizzes
Time for a Magic Show!
Editor's Pick
Trending Quizzes
Colored Red Europe Blitz I
Colored Red Europe Blitz II
Colored Red Africa Blitz II
Colored Red Europe Blitz III
Colored Red Africa Blitz III
Recently Updated
Odd Team Out - Big 4 Players
pecheneg
Quick Pick: 20 Twenties
pecheneg
March Madness Men's Triple Doubles
pecheneg
How Do You Spell That?
pecheneg
Godzilla Movies
pecheneg
Grab Bag: 4-10 Letters
pecheneg
2024 March Madness Bracket
pecheneg
Famous TV Couples
Peacemaker
Champions League XIs: Real Madrid
pecheneg
Largest US Cities 1790-2010
pecheneg
Trending Topics
Harry Potter
NBA
Anime
Marvel
Kpop
Crossword
Disney
Pokémon
Song
Country
WWE
Puzzle
The Office
NFL
Soccer
Your Account Isn't Verified!
In order to create a playlist on Sporcle, you need to verify the email address you used during registration. Go to your
Sporcle Settings
to finish the process.
Report this User
Report this user for behavior that violates our
Community Guidelines
.
Details:
Send Report
Go to the Sporcle.com Mobile Site →
Comments